[Event "Weekend Accademia"]
[Site "Roma ITA"]
[Date "1996.??.??"]
[Round "8"]
[White "Pierangeli, Andrea"]
[Black "Catena, Marco"]
[Result "1-0"]
[WhiteElo "1750"]
[BlackElo "1630"]
[PlyCount "174"]
[EventDate "1996.??.??"]

1. Nf3 e6 2. d4 f5 3. Bg5 Be7 4. Bxe7 Qxe7 5. c3 Nf6 6. e3 d5 7. Nbd2 Nbd7 8.
Qb3 Ne4 9. c4 c6 10. cxd5 exd5 11. g3 O-O 12. Bg2 Nb6 13. Ne5 Be6 14. Nxe4 fxe4
15. O-O Rf6 16. f3 exf3 17. Rxf3 Raf8 18. Raf1 Rxf3 19. Rxf3 Rxf3 20. Bxf3 Qc7
21. Qb4 Nc8 22. b3 Qe7 23. Qd2 Nd6 24. Qg2 Nf7 25. Nd3 Bf5 26. Qe2 Bxd3 27.
Qxd3 Ng5 28. Bg2 Qe6 29. Qe2 h6 30. h4 Ne4 31. Kh2 Nc3 32. Qd2 Ne4 33. Qe1 Nd6
34. Bh3 Qf6 35. Qe2 g6 36. Bg2 Kg7 37. Qg4 Qf5 38. Qxf5 gxf5 39. Kg1 Kf6 40.
Kf2 Nb5 41. Kf3 Nc3 42. a4 Ne4 43. Kf4 Nd6 44. Bf1 Ke6 45. g4 fxg4 46. Kxg4 Kf6
47. Bd3 Ne8 48. Bf5 Nd6 49. Bc2 Kf7 50. Kf4 Kf6 51. Bd3 Nf7 52. e4 dxe4 53.
Kxe4 Nd6+ 54. Kf4 Nf7 55. Bf5 Nd6 56. Bg4 Nf7 57. Ke4 Nd6+ 58. Kd3 Ke7 59. d5
c5 60. Ke3 Kf7 61. Kf4 Kf6 62. Be6 Ne8 63. Kg4 Nd6 64. Kf4 Ne8 65. Ke4 Nd6+ 66.
Kf3 b6 67. Bd7 Nf7 68. Be8 Nd6 69. Bh5 Nc8 70. Ke4 Nd6+ 71. Kd3 Ke5 72. Bf3 Kf6
73. Kc3 Ke5 74. Bg2 Nc8 75. b4 Kd6 76. Kc4 cxb4 77. Kxb4 Ne7 78. Kb5 Nxd5 79.
Bxd5 Kxd5 80. Ka6 Kc6 81. h5 Kc7 82. Kxa7 Kc6 83. Kb8 Kd6 84. Kb7 Kc5 85. Kc7
b5 86. axb5 Kxb5 87. Kd6 Kb6 1-0

[Event "Weekend Accademia"]
[Site "Roma ITA"]
[Date "1996.??.??"]
[Round "8"]
[White "Pieroni, Marco"]
[Black "Berrino, Umberto"]
[Result "1/2-1/2"]
[WhiteElo "1705"]
[BlackElo "1672"]
[PlyCount "117"]
[EventDate "1996.??.??"]

1. d4 d5 2. c4 e6 3. Nc3 Nf6 4. Bg5 Be7 5. e3 Nbd7 6. Nf3 O-O 7. Qc2 a6 8. cxd5
exd5 9. Bd3 c6 10. O-O Re8 11. Nd2 Nf8 12. f3 Ng6 13. Nb3 h6 14. Bxf6 Bxf6 15.
Bxg6 fxg6 16. Qxg6 Rxe3 17. Rae1 Qe7 18. Kf2 Rxe1 19. Rxe1 Be6 20. Na4 Qf7 21.
Qd3 Re8 22. Nac5 Bc8 23. Qd2 Rxe1 24. Qxe1 Qe7 25. Qxe7 Bxe7 26. Na5 Bf6 27.
Nab3 Kf7 28. Ke3 Bd8 29. g3 b6 30. Nd3 Bf6 31. f4 a5 32. a3 a4 33. Nd2 c5 34.
Ne5+ Ke6 35. Ndf3 cxd4+ 36. Nxd4+ Kd6 37. Nd3 g5 38. Nb5+ Ke7 39. Ne5 gxf4+ 40.
gxf4 Bf5 41. Nc3 Ke6 42. Kd4 Bh4 43. Nxd5 Bf2+ 44. Ne3 Bg1 45. Nf3 Bf2 46. h4
Bg4 47. Ke4 Bxf3+ 48. Kxf3 Bxh4 49. Kg4 Be1 50. Kh5 Bd2 51. f5+ Kf7 52. Nc4 Bc1
53. Nxb6 Bxb2 54. Kxh6 Bxa3 55. Kh5 Kf6 56. Kg4 Bb2 57. Nxa4 Bd4 58. Kf4 Kf7
59. Ke4 1/2-1/2

[Event "Weekend Accademia"]
[Site "Roma ITA"]
[Date "1996.??.??"]
[Round "8"]
[White "Primiceri, Nunzio"]
[Black "Perretta, Maurizio"]
[Result "1/2-1/2"]
[WhiteElo "2150"]
[BlackElo "2007"]
[PlyCount "30"]
[EventDate "1996.??.??"]

1. d4 Nf6 2. c4 g6 3. Nc3 d5 4. cxd5 Nxd5 5. e4 Nxc3 6. bxc3 Bg7 7. Nf3 O-O 8.
Rb1 c5 9. Be2 Nc6 10. d5 Ne5 11. Nxe5 Bxe5 12. c4 Qc7 13. Bh6 Re8 14. Qd2 e6
15. h3 exd5 1/2-1/2

[Event "Weekend Accademia"]
[Site "Roma ITA"]
[Date "1996.??.??"]
[Round "8"]
[White "Ragonese, Lucio Rosario"]
[Black "Gardon, Ermanno"]
[Result "1/2-1/2"]
[WhiteElo "1902"]
[BlackElo "1716"]
[PlyCount "63"]
[EventDate "1996.??.??"]

1. d4 e6 2. Nf3 f5 3. Bf4 Nf6 4. e3 b6 5. Nbd2 Bb7 6. Bd3 Ne4 7. Ne5 Nf6 8.
Ndf3 d6 9. Nc4 Ne4 10. O-O Nd7 11. Nfd2 Ndf6 12. Nxe4 Bxe4 13. Bxe4 Nxe4 14. f3
Nf6 15. e4 d5 16. exd5 Qxd5 17. Ne3 Qd7 18. Re1 Be7 19. c4 O-O 20. Qd3 Rad8 21.
Rad1 Bd6 22. Bxd6 Qxd6 23. Qc3 c5 24. d5 f4 25. dxe6 Qxe6 26. Nd5 Qf7 27. Qe5
Nxd5 28. Rxd5 Rde8 29. Qc3 Rxe1+ 30. Qxe1 Re8 31. Qd2 Qe7 32. Kf2 1/2-1/2

[Event "Weekend Accademia"]
[Site "Roma ITA"]
[Date "1996.??.??"]
[Round "8"]
[White "Righetti, Gianfranco"]
[Black "Quaglia, Ferdinando"]
[Result "1-0"]
[WhiteElo "1594"]
[BlackElo "1541"]
[PlyCount "59"]
[EventDate "1996.??.??"]

1. e4 Nf6 2. Nc3 Nc6 3. d4 e5 4. dxe5 Nxe5 5. f4 Nc6 6. Nf3 d6 7. Bc4 Na5 8.
Bd3 Nc6 9. Be3 Be7 10. Qe2 O-O 11. O-O-O Be6 12. e5 Nd7 13. f5 Ndxe5 14. Nxe5
Nxe5 15. fxe6 Nxd3+ 16. Qxd3 fxe6 17. Rhf1 Qd7 18. Rxf8+ Rxf8 19. Rf1 Rxf1+ 20.
Qxf1 a6 21. Qf3 d5 22. Bd4 b5 23. Qg3 Bd6 24. Be5 d4 25. Ne4 Bxe5 26. Qxe5 Qf7
27. Kd2 Qg6 28. Ng5 Kh8 29. h4 h6 30. Qxe6 1-0

[Event "Weekend Accademia"]
[Site "Roma ITA"]
[Date "1996.??.??"]
[Round "8"]
[White "Rossi De Gasperis, Pietro"]
[Black "Abuhamdieh, Arafat"]
[Result "1-0"]
[WhiteElo "1833"]
[BlackElo "1528"]
[PlyCount "61"]
[EventDate "1996.??.??"]

1. e4 e5 2. Nf3 Nf6 3. Nc3 d6 4. d4 exd4 5. Nxd4 Be7 6. Be2 O-O 7. O-O a6 8. a4
c5 9. Nf3 Nc6 10. Bg5 Be6 11. Qc1 Nb4 12. Rd1 Qc7 13. Ne1 Qb6 14. a5 Qc7 15.
Nd3 Nc6 16. Nf4 Nxa5 17. Bxf6 Bxf6 18. Nfd5 Bxd5 19. Nxd5 Qd8 20. Nxf6+ gxf6
21. Qf4 Nc6 22. Rxd6 Qe7 23. Rxf6 Ne5 24. Rd1 Ng6 25. Qg5 Qxe4 26. Bd3 Qd4 27.
c3 Qd7 28. h4 Kh8 29. h5 Ne7 30. Qh6 Ng6 31. hxg6 1-0

[Event "Weekend Accademia"]
[Site "Roma ITA"]
[Date "1996.??.??"]
[Round "8"]
[White "Sciannamea, Valerio"]
[Black "Verrascina, Nicola"]
[Result "1/2-1/2"]
[WhiteElo "1719"]
[BlackElo "2090"]
[PlyCount "46"]
[EventDate "1996.??.??"]

1. e4 Nc6 2. Nf3 Nf6 3. Nc3 d5 4. exd5 Nxd5 5. d4 Bg4 6. Be2 e6 7. O-O Be7 8.
Ne4 O-O 9. c3 Nf6 10. Ng3 Nh5 11. Ne4 Qd5 12. Nfg5 Bxe2 13. Qxe2 Nf6 14. Bf4
Qf5 15. Bxc7 Nd5 16. Bd6 Bxd6 17. Nxd6 Qxg5 18. Nxb7 Nce7 19. Nc5 Nf4 20. Qf3
Neg6 21. Ne4 Qf5 22. g3 Qh3 23. Ng5 Nh4 1/2-1/2

[Event "Weekend Accademia"]
[Site "Roma ITA"]
[Date "1996.??.??"]
[Round "8"]
[White "Scipioni, Gaetano"]
[Black "Vannelli, Vittorio"]
[Result "0-1"]
[WhiteElo "1525"]
[BlackElo "1633"]
[PlyCount "84"]
[EventDate "1996.??.??"]

1. e4 e5 2. Nf3 Nc6 3. d4 exd4 4. Bc4 Nf6 5. O-O Bc5 6. e5 d5 7. exf6 dxc4 8.
Re1+ Be6 9. Ng5 Qd5 10. Nc3 Qf5 11. Nce4 O-O-O 12. g4 Qe5 13. Nxe6 fxe6 14. Ng5
Qxf6 15. Nxe6 Rd5 16. Nxc5 Rxc5 17. Re4 Re5 18. Rf4 Qe6 19. Bd2 g5 20. Rf3
Qxg4+ 21. Rg3 Qxd1+ 22. Rxd1 h6 23. a3 Re2 24. Kf1 Rhe8 25. Kg1 Rf8 26. Rg2 c3
27. bxc3 dxc3 28. Bxc3 Rxc2 29. Bg7 Rd8 30. Rf1 Rd6 31. Rg3 Nd4 32. Rh3 Nf5 33.
Be5 Re6 34. f4 g4 35. Rd3 Nh4 36. Rfd1 Nf3+ 37. Kf1 Nxh2+ 38. Kg1 Nf3+ 39. Kf1
b6 40. Bg7 Ree2 41. Rxf3 gxf3 42. f5 Rh2 0-1

[Event "Weekend Accademia"]
[Site "Roma ITA"]
[Date "1996.??.??"]
[Round "8"]
[White "Simeone, Giulio"]
[Black "Boccia, Mattia Mario"]
[Result "1-0"]
[WhiteElo "1654"]
[BlackElo "1534"]
[PlyCount "95"]
[EventDate "1996.??.??"]

1. c4 c6 2. d4 d5 3. cxd5 cxd5 4. Qb3 Nc6 5. Nf3 Nf6 6. Nc3 e6 7. a3 Be7 8. Bg5
a6 9. e3 b5 10. Bd3 Bb7 11. Rc1 Rc8 12. Qa2 Na5 13. O-O Nc4 14. Rc2 O-O 15.
Rfc1 Qa5 16. Ne5 Rc7 17. Bf4 Rcc8 18. h3 Qd8 19. a4 b4 20. Ne2 Nxe5 21. Bxe5
Rxc2 22. Rxc2 Bd6 23. Qb1 Bxe5 24. dxe5 Nd7 25. f4 Qb8 26. Nd4 Rc8 27. Rxc8+
Qxc8 28. Bxh7+ Kh8 29. Qc2 Qxc2 30. Bxc2 Nc5 31. g4 g6 32. Kf2 Kg7 33. Kg3 a5
34. b3 Ne4+ 35. Bxe4 dxe4 36. h4 Bd5 37. Kf2 Kh6 38. Ke2 Kg7 39. Kd2 Kg8 40.
Kc2 Kg7 41. Nb5 Kg8 42. Nd6 Kf8 43. Nc4 f5 44. exf6 Kf7 45. g5 Kf8 46. Nxa5 Kf7
47. Nc4 Kf8 48. Ne5 1-0

[Event "Weekend Accademia"]
[Site "Roma ITA"]
[Date "1996.??.??"]
[Round "8"]
[White "Tosoni, Augusto"]
[Black "Michelena, Rodolfo"]
[Result "1-0"]
[WhiteElo "2008"]
[BlackElo "1810"]
[PlyCount "57"]
[EventDate "1996.??.??"]

1. e4 e6 2. d4 d5 3. Nc3 c5 4. exd5 exd5 5. dxc5 Bxc5 6. Qxd5 Qe7+ 7. Qe4 Be6
8. Bb5+ Nd7 9. Bxd7+ Qxd7 10. Qa4 O-O-O 11. Qxd7+ Rxd7 12. Nge2 Nf6 13. O-O Bf5
14. Bg5 Ng4 15. h3 h6 16. Bh4 g5 17. Bg3 Nf6 18. Be5 Be7 19. Rfe1 Rg8 20. Nd4
Nh5 21. Nxf5 Bc5 22. Ne4 Bxf2+ 23. Kxf2 f6 24. Ned6+ Kd8 25. Bxf6+ Nxf6 26. Nc4
g4 27. Rad1 gxh3 28. Rxd7+ Nxd7 29. gxh3 1-0

[Event "II Weekend A"]
[Site "Ivrea ITA"]
[Date "1996.??.??"]
[Round "?"]
[White "Aglietti, Graziano"]
[Black "Geuna, Giuseppe"]
[Result "1-0"]
[WhiteElo "1755"]
[BlackElo "1766"]
[PlyCount "53"]
[EventDate "1996.??.??"]

1. e4 e6 2. d4 d5 3. e5 c5 4. c3 Nc6 5. Nf3 Qb6 6. Bd3 Bd7 7. O-O cxd4 8. cxd4
Nxd4 9. Nxd4 Qxd4 10. Nc3 Qxe5 11. Re1 Qb8 12. Nxd5 Bd6 13. Qh5 Bc6 14. Rxe6+
Kf8 15. Re1 Bxh2+ 16. Kh1 Bd6 17. Bc4 Be8 18. Bd2 b5 19. Bb3 a5 20. a3 f6 21.
Qe2 h5 22. Rad1 h4 23. Qe6 h3 24. g3 Bf7 25. Qxf7+ Kxf7 26. Nf4+ Kf8 27. Ng6#
1-0

[Event "XVII Moglianoscacchi A"]
[Site "Mogliano Veneto ITA"]
[Date "1996.??.??"]
[Round "?"]
[White "Pastres, Roberto"]
[Black "Rossi, Carlo"]
[Result "0-1"]
[WhiteElo "2215"]
[BlackElo "2320"]
[PlyCount "60"]
[EventDate "1996.??.??"]

1. d4 a6 2. c4 b5 3. cxb5 axb5 4. Bf4 Nf6 5. e3 Bb7 6. Nf3 b4 7. Nbd2 e6 8. Be2
Be7 9. O-O O-O 10. h3 Nd5 11. Bh2 f5 12. Qc2 Nc6 13. Ne5 Bg5 14. Nxc6 Bxc6 15.
Bf3 Ra7 16. Nc4 Qa8 17. Ne5 Bb5 18. e4 d6 19. exd5 dxe5 20. dxe6 e4 21. Be2 b3
22. axb3 Rxa1 23. Bxb5 Rxf1+ 24. Bxf1 e3 25. d5 f4 26. fxe3 fxe3 27. Qxc7 Qa1
28. Qc4 e2 29. Qxe2 Rxf1+ 30. Qxf1 Be3+ 0-1

[Event "XVII Moglianoscacchi A"]
[Site "Mogliano Veneto ITA"]
[Date "1996.??.??"]
[Round "1"]
[White "Piva, Giorgio"]
[Black "Mufic, Goran"]
[Result "1-0"]
[WhiteElo "2170"]
[BlackElo "2335"]
[PlyCount "71"]
[EventDate "1996.??.??"]

1. d4 d5 2. Nf3 Bf5 3. c4 e6 4. Nc3 c6 5. cxd5 exd5 6. Bf4 Nd7 7. e3 Ngf6 8.
Bd3 Bxd3 9. Qxd3 Be7 10. h3 O-O 11. O-O Re8 12. Rab1 a5 13. a3 a4 14. Rfe1 Bf8
15. Qc2 Qa5 16. Rbd1 Qa6 17. Nd2 Nb6 18. Bg3 Nc4 19. Nxc4 Qxc4 20. Rc1 Re6 21.
Qd1 Qa6 22. Qc2 Ne4 23. Nxe4 dxe4 24. Qe2 Qb6 25. Rc4 Ra5 26. Qc2 Rb5 27. Qxa4
Rxb2 28. Qa8 Rb5 29. Qb8 f6 30. Ra4 Ra5 31. Bc7 Qxc7 32. Qxc7 Rxa4 33. Qxb7
Rxa3 34. Rc1 f5 35. d5 cxd5 36. Qxd5 1-0

[Event "XVII Moglianoscacchi A"]
[Site "Mogliano Veneto ITA"]
[Date "1996.??.??"]
[Round "2"]
[White "Borgo, Giulio"]
[Black "Simoli, Sergio"]
[Result "1-0"]
[WhiteElo "2400"]
[BlackElo "2202"]
[PlyCount "45"]
[EventDate "1996.??.??"]

1. e4 Nc6 2. Nc3 Nf6 3. d4 d6 4. Bg5 h6 5. Bh4 e5 6. Bb5 exd4 7. Qxd4 Be7 8.
O-O-O O-O 9. Bxc6 bxc6 10. f4 Nd7 11. Bxe7 Qxe7 12. Nf3 Nb6 13. Rhe1 Rb8 14. f5
Re8 15. g4 Ba6 16. e5 d5 17. f6 Qe6 18. Qf4 c5 19. Ng5 Qc8 20. e6 Rxe6 21. Nxe6
fxe6 22. fxg7 Kxg7 23. g5 1-0

[Event "XVII Moglianoscacchi A"]
[Site "Mogliano Veneto ITA"]
[Date "1996.??.??"]
[Round "2"]
[White "Moncher, Stefano"]
[Black "Piva, Giorgio"]
[Result "1-0"]
[WhiteElo "2200"]
[BlackElo "2170"]
[PlyCount "43"]
[EventDate "1996.??.??"]

1. e4 c5 2. d4 cxd4 3. c3 Nf6 4. e5 Nd5 5. Nf3 e6 6. cxd4 b6 7. Nc3 Nxc3 8.
bxc3 Qc7 9. Be2 d6 10. O-O Nd7 11. Bf4 Be7 12. Re1 O-O 13. Bd3 g6 14. Qe2 Bb7
15. Ng5 dxe5 16. dxe5 Rfd8 17. Qe3 Rac8 18. Rac1 Nf8 19. Qh3 Kg7 20. Re3 Qc5
21. Qh6+ Kxh6 22. Nxe6+ 1-0

[Event "XVII Moglianoscacchi A"]
[Site "Mogliano Veneto ITA"]
[Date "1996.??.??"]
[Round "3"]
[White "Manca, Federico"]
[Black "Tatai, Stefano"]
[Result "0-1"]
[WhiteElo "2350"]
[BlackElo "2420"]
[PlyCount "58"]
[EventDate "1996.??.??"]

1. e4 e5 2. Nf3 Nc6 3. Bb5 a6 4. Ba4 Nf6 5. O-O Be7 6. Qe2 b5 7. Bb3 O-O 8. d4
d6 9. c3 Bg4 10. Rd1 Qc8 11. Be3 Na5 12. Bc2 Nc4 13. Bc1 c5 14. d5 Nb6 15. h3
Bd7 16. Nh2 Ne8 17. g4 Qd8 18. Nf3 h5 19. g5 Bxh3 20. Nxe5 dxe5 21. Qxh5 Qc8
22. f3 g6 23. Qh6 Ng7 24. d6 Bd8 25. d7 Bxd7 26. Kg2 Bg4 27. Rh1 Bh5 28. Be3
Nc4 29. Bf2 Ne6 0-1

[Event "XVII Moglianoscacchi A"]
[Site "Mogliano Veneto ITA"]
[Date "1996.??.??"]
[Round "3"]
[White "Sarno, Spartaco"]
[Black "Zichichi, Alvise"]
[Result "0-1"]
[WhiteElo "2415"]
[BlackElo "2340"]
[PlyCount "80"]
[EventDate "1996.??.??"]

1. c4 e5 2. Nc3 d6 3. g3 g6 4. Bg2 Bg7 5. e3 Nc6 6. Nge2 Nge7 7. O-O O-O 8. d3
Be6 9. Nd5 Qd7 10. Rb1 a5 11. Nec3 Nd8 12. Bd2 Nc8 13. Ne4 f6 14. f4 c6 15.
Ndc3 Bh3 16. Bxh3 Qxh3 17. a3 Qd7 18. b4 axb4 19. axb4 f5 20. Ng5 h6 21. Nf3
Nf7 22. Qb3 Kh7 23. b5 Ne7 24. Na4 Qe6 25. Rbe1 g5 26. e4 gxf4 27. gxf4 fxe4
28. Rxe4 Qg4+ 29. Kh1 Qh3 30. Ree1 Nf5 31. Rf2 exf4 32. Bxf4 Ne5 33. Bxe5 Bxe5
34. d4 Ng3+ 35. Kg1 Rg8 36. Qc2+ Kh8 37. Rg2 Nf5 38. Kh1 Qxf3 39. dxe5 Nh4 40.
Qe4 Rxg2 0-1

[Event "XVII Moglianoscacchi A"]
[Site "Mogliano Veneto ITA"]
[Date "1996.??.??"]
[Round "3"]
[White "Sedina, Elena"]
[Black "Borgo, Giulio"]
[Result "0-1"]
[WhiteElo "2325"]
[BlackElo "2400"]
[PlyCount "72"]
[EventDate "1996.??.??"]

1. e4 c5 2. Nf3 e6 3. d4 cxd4 4. Nxd4 Nc6 5. Nb5 d6 6. c4 Nf6 7. N1c3 a6 8. Na3
Be7 9. Be2 O-O 10. O-O b6 11. Be3 Ne5 12. Qb3 Ned7 13. Rfd1 Bb7 14. f3 Rc8 15.
Rac1 Qc7 16. Bf1 Qb8 17. Kh1 Bd8 18. Qc2 Bc7 19. Qd2 Rfe8 20. Bf4 Ne5 21. Bg5
Ng6 22. g3 Nd7 23. Bg2 h5 24. Nc2 h4 25. Be3 hxg3 26. hxg3 Nf6 27. Nd4 d5 28.
cxd5 exd5 29. exd5 Nxd5 30. Nxd5 Bxd5 31. f4 Bxg2+ 32. Kxg2 Qb7+ 33. Kf2 Ne7
34. Rh1 Nd5 35. Nc2 Nf6 36. Rh4 Ne4+ 0-1

[Event "XVII Moglianoscacchi A"]
[Site "Mogliano Veneto ITA"]
[Date "1996.??.??"]
[Round "6"]
[White "Verducci, Gianni"]
[Black "Pastres, Roberto"]
[Result "0-1"]
[WhiteElo "1866"]
[BlackElo "2215"]
[PlyCount "48"]
[EventDate "1996.??.??"]

1. e4 c5 2. Nf3 d6 3. Bb5+ Nc6 4. O-O Bd7 5. Re1 a6 6. Bf1 e5 7. Nc3 g6 8. d3
Bg7 9. Bg5 f6 10. Be3 Nh6 11. h3 Nf7 12. Nh2 O-O 13. Qd2 f5 14. f4 exf4 15.
Bxf4 g5 16. Be3 f4 17. Bf2 Nfe5 18. Be2 f3 19. Bxf3 Bxh3 20. Qe2 g4 21. Bxg4
Rxf2 22. Kxf2 Bxg4 23. Nxg4 Qh4+ 24. Ke3 Qg5+ 0-1

[Event "Weekend Ostia Antica"]
[Site "Ostia - Roma ITA"]
[Date "1996.??.??"]
[Round "1"]
[White "Cesarini, Lanfranco"]
[Black "Vanzan, Alessandro"]
[Result "1-0"]
[WhiteElo "1798"]
[BlackElo "1411"]
[PlyCount "45"]
[EventDate "1996.??.??"]

1. e4 d6 2. d4 Nf6 3. Nc3 g6 4. f4 Bg7 5. Nf3 O-O 6. Bd3 c5 7. d5 a6 8. a4 b6
9. O-O Bb7 10. Kh1 Qc7 11. Bc4 Nbd7 12. Bd2 Rfe8 13. Qe2 Nf8 14. e5 dxe5 15.
fxe5 Ng4 16. h3 Nxe5 17. Bf4 Nfd7 18. Rae1 e6 19. dxe6 Bxf3 20. exf7+ Nxf7 21.
Qxe8+ Rxe8 22. Rxe8+ Nf8 23. Bxc7 1-0

[Event "Weekend Ostia Antica"]
[Site "Ostia - Roma ITA"]
[Date "1996.??.??"]
[Round "1"]
[White "De Francesco, Massimo"]
[Black "Catena, Marco"]
[Result "1-0"]
[WhiteElo "1740"]
[BlackElo "1630"]
[PlyCount "73"]
[EventDate "1996.??.??"]

1. c4 Nf6 2. f4 e6 3. Nf3 d5 4. e3 c5 5. b3 Nc6 6. Bb2 d4 7. Ne5 dxe3 8. Nxc6
exd2+ 9. Nxd2 bxc6 10. Qf3 Qc7 11. g3 Bb7 12. Bg2 Be7 13. O-O O-O 14. g4 Rad8
15. Rf2 Rd7 16. g5 Ne8 17. Ne4 Qb6 18. Qh3 Nd6 19. Nf6+ Bxf6 20. gxf6 g6 21.
Rd1 h5 22. Rfd2 Rfd8 23. Be5 Qc7 24. Bf3 Bc8 25. Bxh5 Qa5 26. Bc3 Qa3 27. Bxg6
fxg6 28. Qh6 Ne8 29. Qxg6+ Kf8 30. Qh6+ Kf7 31. Qh7+ Kf8 32. Qh8+ Kf7 33. Rxd7+
Rxd7 34. Rxd7+ Bxd7 35. Qh7+ Kf8 36. Qe7+ Kg8 37. f7+ 1-0

[Event "Weekend Ostia Antica"]
[Site "Ostia - Roma ITA"]
[Date "1996.??.??"]
[Round "1"]
[White "Fico, Tommaso"]
[Black "Brandi, Flaviano"]
[Result "0-1"]
[WhiteElo "1570"]
[BlackElo "1755"]
[PlyCount "96"]
[EventDate "1996.??.??"]

1. e4 c5 2. d4 cxd4 3. c3 d5 4. exd5 Qxd5 5. cxd4 Nc6 6. Nf3 e6 7. Nc3 Bb4 8.
Be2 Nf6 9. O-O Qa5 10. Qd3 O-O 11. Ne4 Nxe4 12. Qxe4 Qd5 13. Qh4 Be7 14. Bg5
Bxg5 15. Nxg5 h6 16. Nf3 b6 17. Bd3 Bb7 18. Be4 Qd8 19. Qf4 Rb8 20. Rac1 Ne7
21. Ne5 Bxe4 22. Qxe4 Rc8 23. h3 Qd5 24. Qf4 Rxc1 25. Rxc1 Qxa2 26. Qf3 Qxb2
27. Rc7 Qxd4 28. Ng4 Nf5 29. Rxa7 b5 30. Rb7 Nd6 31. Rd7 Qa1+ 32. Kh2 Nf5 33.
Rb7 h5 34. Ne3 Qe5+ 35. g3 Nxe3 36. Qxe3 Qd5 37. Qb6 Rc8 38. Qxb5 Qf3 39. Rb8
Qxf2+ 40. Kh1 Qf3+ 41. Kh2 Rxb8 42. Qxb8+ Kh7 43. Qb1+ Qf5 44. Qe1 e5 45. Kg2
e4 46. Qe3 g5 47. Qe2 g4 48. h4 Qf3+ 0-1

[Event "Weekend Ostia Antica"]
[Site "Ostia - Roma ITA"]
[Date "1996.??.??"]
[Round "1"]
[White "Gardon, Ermanno"]
[Black "Arca', Luciano"]
[Result "1/2-1/2"]
[WhiteElo "1716"]
[BlackElo "1510"]
[PlyCount "80"]
[EventDate "1996.??.??"]

1. e4 c6 2. c4 g6 3. Nc3 Bg7 4. Nf3 d6 5. d4 Bg4 6. Be3 Nd7 7. h3 Bxf3 8. Qxf3
Ngf6 9. Bd3 O-O 10. Rd1 Qb6 11. Qe2 Ne8 12. Bb1 c5 13. O-O cxd4 14. Nd5 Qd8 15.
Bxd4 Bxd4 16. Rxd4 Nef6 17. Nxf6+ Nxf6 18. c5 d5 19. exd5 Nxd5 20. Qd2 e6 21.
Be4 Qc7 22. Bxd5 exd5 23. Rxd5 Rfd8 24. Rd1 Rxd5 25. Qxd5 Rc8 26. Qc4 Rd8 27.
Rd4 Rxd4 28. Qxd4 b6 29. Qd6 Qxd6 30. cxd6 Kf8 31. Kf1 Ke8 32. Ke2 Kd7 33. Ke3
Kxd6 34. Kd4 f6 35. Kc4 Kc6 36. a4 a5 37. g3 h6 38. g4 f5 39. f4 Kd6 40. gxf5
gxf5 1/2-1/2

[Event "Weekend Ostia Antica"]
[Site "Ostia - Roma ITA"]
[Date "1996.??.??"]
[Round "1"]
[White "Giovannetti, Fabio"]
[Black "Vannelli, Vittorio"]
[Result "0-1"]
[WhiteElo "1471"]
[BlackElo "1633"]
[PlyCount "44"]
[EventDate "1996.??.??"]

1. e4 e5 2. Nf3 Nc6 3. Bb5 Nf6 4. O-O Nxe4 5. Re1 Nd6 6. Bxc6 dxc6 7. Nxe5 Be7
8. d4 O-O 9. b3 Nf5 10. Bb2 Be6 11. c4 Bf6 12. Na3 Re8 13. Nc2 Bxe5 14. Rxe5 f6
15. Rxe6 Rxe6 16. Qg4 Qd7 17. Ne3 Nxe3 18. fxe3 Qe7 19. Rf1 Rxe3 20. d5 Re1 21.
Bd4 Rxf1+ 22. Kxf1 Re8 0-1

[Event "Weekend Ostia Antica"]
[Site "Ostia - Roma ITA"]
[Date "1996.??.??"]
[Round "1"]
[White "Mogranzini, Roberto"]
[Black "Vignato, Giovanni"]
[Result "1-0"]
[WhiteElo "1771"]
[BlackElo "2080"]
[PlyCount "63"]
[EventDate "1996.??.??"]

1. e4 c6 2. c4 d5 3. exd5 cxd5 4. cxd5 Nf6 5. Qa4+ Nbd7 6. Nc3 g6 7. Nf3 Bg7 8.
Bb5 O-O 9. Bxd7 Qxd7 10. Qxd7 Bxd7 11. O-O Rad8 12. d4 Bf5 13. Re1 Rfe8 14. Be3
Nxd5 15. Nxd5 Rxd5 16. Rac1 Red8 17. h3 Bf6 18. Rc7 R8d7 19. Rec1 Kg7 20. a3
Rxc7 21. Rxc7 Rd7 22. Rc1 Be4 23. Ne5 Rd6 24. Ng4 h5 25. Nxf6 Kxf6 26. h4 Rc6
27. Bg5+ Ke6 28. Re1 Kd5 29. f3 Bf5 30. Rxe7 Rb6 31. b4 Kxd4 32. Be3+ 1-0

[Event "Weekend Ostia Antica"]
[Site "Ostia - Roma ITA"]
[Date "1996.??.??"]
[Round "1"]
[White "Petruccioli, Antonio"]
[Black "Maddaloni, Giovanni"]
[Result "1-0"]
[WhiteElo "2007"]
[BlackElo "1583"]
[PlyCount "75"]
[EventDate "1996.??.??"]

1. e4 g5 2. d4 h6 3. h4 g4 4. Qxg4 d5 5. Qf3 dxe4 6. Qxe4 Nf6 7. Qd3 b6 8. Be3
Ba6 9. c4 Bb7 10. Nc3 Rg8 11. f3 Nc6 12. O-O-O a6 13. Qd2 h5 14. Nh3 Qd7 15. d5
Ne5 16. Bd4 Ng6 17. Ng5 Bh6 18. g3 O-O-O 19. Bxf6 exf6 20. Bh3 f5 21. Qd3 Ne5
22. Qe2 f6 23. f4 Ng4 24. Ne6 Rde8 25. Rhe1 Bf8 26. Qc2 Bc5 27. Nxc5 bxc5 28.
Rxe8+ Rxe8 29. Bxg4 fxg4 30. Qf2 Qe7 31. Kd2 Qd6 32. Re1 Rxe1 33. Qxe1 Kd7 34.
Ne4 Qb6 35. Kc2 a5 36. Qe3 Ke7 37. Nxc5+ Kf7 38. Qe6+ 1-0

[Event "Weekend Ostia Antica"]
[Site "Ostia - Roma ITA"]
[Date "1996.??.??"]
[Round "1"]
[White "Pezzaldi, Roberto"]
[Black "Di Lascio, Savino"]
[Result "1-0"]
[WhiteElo "2013"]
[BlackElo "1621"]
[PlyCount "33"]
[EventDate "1996.??.??"]

1. c4 Nf6 2. Nc3 e5 3. g3 Bc5 4. Bg2 Nc6 5. Nf3 d6 6. O-O a6 7. a3 Be6 8. d3
O-O 9. b4 Ba7 10. Ng5 Rb8 11. Nxe6 fxe6 12. e3 Qe8 13. Bh3 d5 14. cxd5 exd5 15.
Qb3 Qh5 16. Nxd5 Qxh3 17. Nf4+ 1-0

[Event "Weekend Ostia Antica"]
[Site "Ostia - Roma ITA"]
[Date "1996.??.??"]
[Round "1"]
[White "Quaglia, Ferdinando"]
[Black "Barro, Carlo"]
[Result "0-1"]
[WhiteElo "1541"]
[BlackElo "1771"]
[PlyCount "60"]
[EventDate "1996.??.??"]

1. d4 Nf6 2. c4 g6 3. Nc3 Bg7 4. e4 d6 5. Be2 O-O 6. h4 c6 7. h5 e5 8. d5 cxd5
9. cxd5 Qa5 10. Bd2 Qb4 11. hxg6 fxg6 12. Nb5 Qxe4 13. Nc7 Ng4 14. Be3 Nxe3 15.
fxe3 Qxe3 16. Qd2 Qg3+ 17. Kd1 Qxg2 18. Bf3 Qf1+ 19. Qe1 Rxf3 20. Nxf3 Qxf3+
21. Kd2 Bf6 22. Qe3 Qg2+ 23. Kd3 Bf5+ 24. Kc4 Qc2+ 25. Qc3 Bd3+ 26. Kb4 Na6+
27. Nxa6 Qxc3+ 28. Kxc3 e4+ 29. Kd2 Bxa6 30. Ke1 Bg5 0-1

[Event "Weekend Ostia Antica"]
[Site "Ostia - Roma ITA"]
[Date "1996.??.??"]
[Round "1"]
[White "Ridolfi, Raffaele"]
[Black "Verrascina, Nicola"]
[Result "0-1"]
[WhiteElo "1672"]
[BlackElo "2090"]
[PlyCount "114"]
[EventDate "1996.??.??"]

1. d4 f5 2. c4 g6 3. Nc3 Bg7 4. Nf3 d6 5. g3 Nd7 6. Bg2 e5 7. dxe5 dxe5 8. Bg5
Ngf6 9. Nd5 O-O 10. O-O h6 11. Nxf6+ Nxf6 12. Bd2 e4 13. Ne1 Qd4 14. Qc2 Ng4
15. Rb1 Be6 16. b3 Rad8 17. Bc1 Qd1 18. Bb2 Qxc2 19. Nxc2 Rd2 20. Bxg7 Kxg7 21.
h3 Rxc2 22. hxg4 Rxa2 23. e3 Rd8 24. Ra1 Rdd2 25. Rxa2 Rxa2 26. Rb1 a5 27. gxf5
gxf5 28. Bf1 b6 29. c5 bxc5 30. Rc1 Bxb3 31. Rxc5 a4 32. Rxc7+ Kf6 33. Rc6+ Kg5
34. Bc4 Rc2 35. Bxb3 axb3 36. Rb6 b2 37. Kg2 h5 38. Rb5 h4 39. gxh4+ Kxh4 40.
Rb8 Kg5 41. Kg3 Kf6 42. f3 Ke6 43. fxe4 fxe4 44. Kf4 Kd5 45. Rb5+ Kc4 46. Rb8
Kd3 47. Rb3+ Kd2 48. Kxe4 Kc1 49. Kd5 Rd2+ 50. Ke5 b1=Q 51. Rxb1+ Kxb1 52. e4
Kc2 53. Kf6 Rf2+ 54. Ke6 Kd3 55. e5 Ke4 56. Kd6 Rd2+ 57. Ke6 Rd5 0-1

[Event "Weekend Ostia Antica"]
[Site "Ostia - Roma ITA"]
[Date "1996.??.??"]
[Round "1"]
[White "Rotondi, Paolo"]
[Black "Perez, Giorgio"]
[Result "0-1"]
[WhiteElo "1591"]
[BlackElo "1824"]
[PlyCount "68"]
[EventDate "1996.??.??"]

1. c4 Nf6 2. Nc3 e6 3. d4 d5 4. Bg5 Nbd7 5. e3 Be7 6. Nf3 O-O 7. Bd3 dxc4 8.
Bxc4 Nb6 9. Bd3 Nbd5 10. O-O Nxc3 11. bxc3 Nd5 12. Bxe7 Qxe7 13. Qc2 f5 14.
Rfe1 Nf6 15. e4 fxe4 16. Bxe4 Nxe4 17. Qxe4 c6 18. Rab1 a5 19. c4 Qf6 20. Qe5
a4 21. Re4 Qg6 22. Nh4 Qf7 23. Rb2 a3 24. Rd2 Ra4 25. c5 Rb4 26. Nf3 Qg6 27.
Kf1 b6 28. cxb6 Rxb6 29. Re3 Rxf3 30. gxf3 Ba6+ 31. Rdd3 Bxd3+ 32. Ke1 Bc4 33.
Rxa3 Qb1+ 34. Kd2 Rb2+ 0-1